000 00809nam a2200253Ia 4500
003 OSt
005 20221005062301.0
006 a|||||r|||| 00| 0
007 ta
008 221004b |||||||| |||| 00| 0 eng d
020 _a9781138308718 (hbk)
_cUKP 115.00
024 _a44661
037 _b1622, 29/01/2019, Bright Book Service
_cTextual
040 _aCRL
_cCRL
_beng
041 _2eng
_aeng
082 _aV491, Q8
100 _aMaley Willliam Au.
_9601636
245 0 _aTransition in Afghanistan
_b hope,despair and the limits os statebuilding
260 _aLondon
_bRoutledge UK
_c2018
300 _axi,259p.
_ccm.
650 _aAFGHANISTAN - HISTORY
_915333
942 _hV491, Q8
_cTEXL
_2cc
999 _c969451
_d969451